Il Diritto Romano
Saved in:
| Main Author: | |
|---|---|
| Format: | Book |
| Language: | Italian |
| Published: |
Bolonia
Licinio Cappelli
1957
|
| Series: | Storia di Roma.
20 |
| Subjects: | |
| Tags: |
Add Tag
No Tags, Be the first to tag this record!
|
MARC
| LEADER | 00000nam a2200000 a 4500 | ||
|---|---|---|---|
| 001 | UCR2574 | ||
| 003 | CL-VaPUC | ||
| 005 | 20240401121839.0 | ||
| 008 | 980112e19570000IT |||||||||||||||||ita|d | ||
| 999 | |c 265708 |d 265706 | ||
| 040 | |c Pontificia Universidad Católica de Valparaíso | ||
| 082 | 0 | 4 | |a 340.5402 BIO 1957 |2 21 |
| 100 | 0 | |a Biondi, Biondo |9 400554 | |
| 245 | 1 | 3 | |a Il Diritto Romano |
| 260 | |a Bolonia |b Licinio Cappelli |c 1957 | ||
| 300 | |a 664 páginas | ||
| 490 | 0 | |a Storia di Roma. |v 20 | |
| 583 | |a last modification |c 19980112 00:00:00 |k Rodrigo Vera | ||
| 650 | 0 | |a Derecho romano |9 255930 | |
| 650 | 0 | |a Manuales |9 257144 | |
| 650 | 7 | |a TRADICION |2 CL-VaPUC |9 375988 | |
| 650 | 0 | |a Fuentes del derecho |9 255162 | |
| 650 | 7 | |a FORMACION DEL DERECHO |2 CL-VaPUC |9 400555 | |
| 650 | 0 | |a Estado |9 255503 | |
| 650 | 7 | |a ORGANIZACION POLITICA |2 CL-VaPUC |9 257437 | |
| 650 | 7 | |a SISTEMA JURIDICO |2 CL-VaPUC |9 400556 | |
| 650 | 0 | |a Derecho civil |9 255013 | |
| 650 | 0 | |a Justicia |9 255408 | |
| 650 | 0 | |a Cristianismo |9 257361 | |
| 650 | 0 | |a Ciencia del Derecho |9 391907 | |
| 650 | 7 | |a PERSONA |2 CL-VaPUC |9 327934 | |
| 650 | 0 | |a Familias |9 255641 | |
| 650 | 0 | |a Propiedad |9 255268 | |
| 650 | 0 | |a Obligaciones |9 255578 | |
| 650 | 0 | |a Herencia |9 256325 | |
| 650 | 0 | |a Donación |9 255016 | |
| 650 | 0 | |a Delitos |9 224143 | |
| 650 | 0 | |a Penas |9 255927 | |
| 650 | 0 | |a Proceso civil |9 361912 | |
| 651 | 7 | |a IMPERIO ROMANO |2 CL-VaPUC |9 400557 | |
| 942 | |c BK |2 ddc | ||
| 945 | |d 19980112 00:00:00 |a aolguin | ||
| 952 | |0 0 |1 0 |2 ddc |4 0 |6 340_540200000000000_BIO_1957 |7 0 |8 DER_ROM |9 296733 |a BIBDER |b BIBDER |d 2019-11-20 |i 1919849 |l 1 |m 5 |o 340.5402 BIO 1957 |p 1919849 |q 2025-12-31 |r 2020-02-26 |s 2020-02-26 |t 1 |w 2019-11-20 |x Ubicación 4to piso |y BK |z Este recurso debe solicitarse con anticipación |k DER | ||